<?xml version="1.0" encoding="UTF-8"?>
<record
    xmlns:xsi="http://www.w3.org/2001/XMLSchema-instance"
    xsi:schemaLocation="http://www.loc.gov/MARC21/slim http://www.loc.gov/standards/marcxml/schema/MARC21slim.xsd"
    xmlns="http://www.loc.gov/MARC21/slim">

  <leader>00488    a2200169   4500</leader>
  <controlfield tag="005">20250428150542.0</controlfield>
  <datafield tag="020" ind1=" " ind2=" ">
    <subfield code="a">978-1-4080-9527-0</subfield>
  </datafield>
  <datafield tag="082" ind1=" " ind2=" ">
    <subfield code="a">658 COL</subfield>
  </datafield>
  <datafield tag="100" ind1=" " ind2=" ">
    <subfield code="a">COLE, G. A.</subfield>
  </datafield>
  <datafield tag="245" ind1=" " ind2=" ">
    <subfield code="a">Management  Theory and Practice.</subfield>
  </datafield>
  <datafield tag="250" ind1=" " ind2=" ">
    <subfield code="a">8th Ed</subfield>
  </datafield>
  <datafield tag="260" ind1=" " ind2=" ">
    <subfield code="a">Australia ,</subfield>
    <subfield code="b">Cengage Learning,</subfield>
    <subfield code="c">2015.</subfield>
  </datafield>
  <datafield tag="300" ind1=" " ind2=" ">
    <subfield code="a">X, 637p.: ill.; figure,  picture</subfield>
    <subfield code="b">Glossary &amp; Index</subfield>
    <subfield code="c">26cm.</subfield>
  </datafield>
  <datafield tag="700" ind1=" " ind2=" ">
    <subfield code="a">KELLY, P.</subfield>
  </datafield>
  <datafield tag="856" ind1=" " ind2=" ">
    <subfield code="y">Access Online Book</subfield>
    <subfield code="f">Management</subfield>
    <subfield code="d">www.cengagebrain.com</subfield>
  </datafield>
  <datafield tag="942" ind1=" " ind2=" ">
    <subfield code="2">ddc</subfield>
    <subfield code="c">BKS</subfield>
  </datafield>
  <datafield tag="999" ind1=" " ind2=" ">
    <subfield code="c">1726</subfield>
    <subfield code="d">1726</subfield>
  </datafield>
  <datafield tag="952" ind1=" " ind2=" ">
    <subfield code="r">2025-04-28 15:11:37</subfield>
    <subfield code="l">0</subfield>
    <subfield code="o">658 COL</subfield>
    <subfield code="p">0000006617</subfield>
    <subfield code="v">332775.00</subfield>
    <subfield code="w">2025-04-28</subfield>
    <subfield code="y">BKS</subfield>
    <subfield code="1">0</subfield>
    <subfield code="2">ddc</subfield>
    <subfield code="4">0</subfield>
    <subfield code="7">0</subfield>
    <subfield code="0">0</subfield>
    <subfield code="a">CBEML</subfield>
    <subfield code="b">CBEML</subfield>
    <subfield code="c">GEN</subfield>
    <subfield code="d">2017-06-19</subfield>
    <subfield code="g">110925.00</subfield>
  </datafield>
  <datafield tag="952" ind1=" " ind2=" ">
    <subfield code="r">2025-04-28 15:11:37</subfield>
    <subfield code="l">0</subfield>
    <subfield code="o">658 COL</subfield>
    <subfield code="p">0000006618</subfield>
    <subfield code="v">332775.00</subfield>
    <subfield code="w">2025-04-28</subfield>
    <subfield code="y">BKS</subfield>
    <subfield code="1">0</subfield>
    <subfield code="2">ddc</subfield>
    <subfield code="4">0</subfield>
    <subfield code="7">0</subfield>
    <subfield code="0">0</subfield>
    <subfield code="a">CBEML</subfield>
    <subfield code="b">CBEML</subfield>
    <subfield code="c">GEN</subfield>
    <subfield code="d">2017-06-19</subfield>
    <subfield code="g">110925.00</subfield>
  </datafield>
  <datafield tag="952" ind1=" " ind2=" ">
    <subfield code="r">2025-04-29 10:23:27</subfield>
    <subfield code="l">0</subfield>
    <subfield code="o">658 COL</subfield>
    <subfield code="p">0000006797</subfield>
    <subfield code="v">332775.00</subfield>
    <subfield code="w">2025-04-29</subfield>
    <subfield code="y">BKS</subfield>
    <subfield code="1">0</subfield>
    <subfield code="2">ddc</subfield>
    <subfield code="4">0</subfield>
    <subfield code="7">0</subfield>
    <subfield code="0">0</subfield>
    <subfield code="a">CBEML</subfield>
    <subfield code="b">CBEML</subfield>
    <subfield code="c">GEN</subfield>
    <subfield code="d">2017-06-19</subfield>
    <subfield code="g">110925.00</subfield>
  </datafield>
  <datafield tag="952" ind1=" " ind2=" ">
    <subfield code="r">2025-04-29 10:23:27</subfield>
    <subfield code="l">0</subfield>
    <subfield code="o">658 COL</subfield>
    <subfield code="p">0000006798</subfield>
    <subfield code="v">332775.00</subfield>
    <subfield code="w">2025-04-29</subfield>
    <subfield code="y">BKS</subfield>
    <subfield code="1">0</subfield>
    <subfield code="2">ddc</subfield>
    <subfield code="4">0</subfield>
    <subfield code="7">0</subfield>
    <subfield code="0">0</subfield>
    <subfield code="a">CBEML</subfield>
    <subfield code="b">CBEML</subfield>
    <subfield code="c">GEN</subfield>
    <subfield code="d">2017-06-19</subfield>
    <subfield code="g">110925.00</subfield>
  </datafield>
  <datafield tag="952" ind1=" " ind2=" ">
    <subfield code="r">2025-05-30 09:48:54</subfield>
    <subfield code="l">0</subfield>
    <subfield code="o">658 COL</subfield>
    <subfield code="p">0000008809</subfield>
    <subfield code="v">332775.00</subfield>
    <subfield code="w">2025-05-30</subfield>
    <subfield code="y">BKS</subfield>
    <subfield code="1">0</subfield>
    <subfield code="2">ddc</subfield>
    <subfield code="4">0</subfield>
    <subfield code="7">0</subfield>
    <subfield code="0">0</subfield>
    <subfield code="a">CBEML</subfield>
    <subfield code="b">CBEML</subfield>
    <subfield code="c">SPECIAL</subfield>
    <subfield code="d">2017-06-19</subfield>
    <subfield code="g">110925.00</subfield>
  </datafield>
</record>
